000 01196nam a2200313 i 4500
001 bg
003 BPK
005 20210816091137.0
008 000907s1996 pl f |000 0 pol
015 _aPB 2000/18163
020 _a8370920233
040 _aWA N
_cBPK
041 1 _apol
_hger
080 _a303
080 _a165
100 1 _aWiehl, Reiner
_d(1929- ).
245 1 0 _aFenomenologia, dialektyka, hermeneutyka /
_cReiner Wiehl ; wyboru dokonał i wstępem poprzedził Bolesław Andrzejewski ; Uniwersytet im. Adama Mickiewicza w Poznaniu. Wydawnictwo Naukowe Instytutu Filozofii.
260 _aPoznań :
_bWydaw. Naukowe IF UAM,
_c1996.
300 _a145 s. ;
_c21 cm.
500 _aU góry s. tyt. nr kolejny wydaw.: t. 32.
504 _aBibliogr.
546 _aTekst tł. z niem.
650 4 _aNauki społeczne
_xmetodologia.
650 4 _aTeoria poznania
710 2 _aUniwersytet im. Adama Mickiewicza (Poznań).
_bInstytut Filozofii.
_bWydawnictwo.
_4pbl.
700 1 _aAndrzejewski, Bolesław
_d(1946- )
_eWybór
942 _2UKD
_cKS
856 _uhttp://koha.tu.koszalin.pl/cgi-bin/koha/opac-detail.pl?biblionumber=45567
_yKatalog online BPK
999 _c45567
_d45567